000 01238cam a22003257i 4500
001 19271366
005 20180926093745.0
008 160912t20162016maua b 001 0 eng c
010 _a 2016285215
020 _a9781608079537
020 _a1608079538
035 _a(OCoLC)ocn953041325
040 _aVYR
_beng
_cVYR
_erda
_dYDXCP
_dBTCTA
_dBDX
_dNLE
_dUPM
_dVGM
_dOCLCQ
_dOCLCO
_dDLC
042 _apcc
050 0 0 _aTK7871.6
_b.T39 2016
082 _a621.384 TAW
100 1 _aTawk, Youssef,
_eauthor.
245 1 0 _aAntenna design for cognitive radio
_cYoussef Tawk, Joseph Costantine, Christos Christodoulou.
300 _axiii, 274 pages :
_billustrations ;
_c25 cm.
490 1 _aAntennas and electromagnetics analysis library
504 _aIncludes bibliographical references and index.
650 0 _aCognitive radio networks.
650 0 _aAntennas (Electronics)
_xDesign and construction.
700 1 _aConstantine, Joseph,
_eauthor.
700 1 _aChristodoulou, Christos G.,
_d1955-
_eauthor.
830 0 _aArtech House antennas and electromagnetics analysis library.
906 _a7
_bcbc
_cpccadap
_d2
_encip
_f20
_gy-gencatlg
942 _2ddc
_cBK
999 _c490581
_d490581